| 000 | 00354nam a2200133Ia 4500 | ||
|---|---|---|---|
| 005 | 20260328104325.0 | ||
| 008 | 260328s9999||||xx |||||||||||||| ||und|| | ||
| 100 | _aKlanten, Robert | ||
| 245 | 0 |
_aBon Voyage : _b Boutique Hotels for the Conscious Traveler / _cRobert Klanten |
|
| 260 | _bManagement | ||
| 300 | _a282 p. | ||
| 650 | _aHOTELES | ||
| 942 | _cBK | ||
| 999 |
_c11478 _d11478 |
||